The National Association of Solicitors Property Centres - Philosophy and objectives (Record no. 1461)

MARC details
000 -LEADER
fixed length control field 01424cab a2200229 4500
001 - CONTROL NUMBER
control field ABS37121
008 - FIXED-LENGTH DATA ELEMENTS--GENERAL INFORMATION
fixed length control field 090401t1986 xxu||||| |||| 00| 0 eng d
035 ## - SYSTEM CONTROL NUMBER
System control number (Sirsi) u2420
041 ## - LANGUAGE CODE
Language code of text/sound track or separate title eng
100 ## - MAIN ENTRY--PERSONAL NAME
Personal name Bennett, D.
245 #4 - TITLE STATEMENT
Title The National Association of Solicitors Property Centres - Philosophy and objectives
260 ## - PUBLICATION, DISTRIBUTION, ETC.
Date of publication, distribution, etc. 1986
350 ## - PRICE (NR) (BK AM CF MU VM SE) [OBSOLETE]
Price 0
490 ## - SERIES STATEMENT
Series statement Law Society`s Gazette
Volume/sequential designation 83 (40) 5 November 1986 3321-3325(3)
520 ## - SUMMARY, ETC.
Summary, etc. Sets out NASPyC `s policy with regard to the selling of property and conveyancing by solicitors , operating either jointly in solicitors property centres or individually through their separate practices. NASPyC feels that if solicitors do not respond to the challenge of participating in the property-selling market and are able to offer a full residential estate agency service and conveyancing package then the following 3 trends will continue: 1) conveyancing fees will drop further, 2) there will be an overall drop in instructions when estate agents are encouraged to take on licensed conveyancers and establish estate agents` one-stop shops and 3) there will be a drop in solicitors general profile in terms of public awareness. Lists the objectives of NASPyC.
650 ## - SUBJECT ADDED ENTRY--TOPICAL TERM
Topical term or geographic name entry element PROPERTY SALES
650 ## - SUBJECT ADDED ENTRY--TOPICAL TERM
Topical term or geographic name entry element PUBLIC OPINION
650 ## - SUBJECT ADDED ENTRY--TOPICAL TERM
Topical term or geographic name entry element SOLICITORS ESTATE AGENCY LTD
690 ## - LOCAL SUBJECT ADDED ENTRY--TOPICAL TERM (OCLC, RLIN)
Topical term or geographic name as entry element MANAGEMENT-BUSINESS MANAGEMENT-PROFESSIONAL PRACTICE
942 ## - ADDED ENTRY ELEMENTS (KOHA)
Suppress in OPAC 0
948 ## - LOCAL PROCESSING INFORMATION (OCLC); SERIES PART DESIGNATOR (RLIN)
c (OCLC) 04/03/1997
Holdings
Withdrawn status Lost status Source of classification or shelving scheme Damaged status Not for loan Home library Current library Shelving location Date acquired Total Checkouts Full call number Barcode Date last seen Copy number Price effective from Koha item type
    Dewey Decimal Classification     London London Journal article 14/09/1999   ABS37121 2420-1001 06/08/2019 1 06/08/2019 Journal article